• 首页
  • 本馆介绍
  • 公告通知
  • 最新文献
  • 馆藏检索
  • 电子资源
  • 读者导购
  • 参考咨询
  • 我的图书馆
  • 登录
  • 详细信息显示
  • 放入我的书架
  • 预约/预借图书
  • 作者相关作品
  • 分类相关作品
  • 丛书相关作品
  • 出版社相关作品

书目信息

  • 表格格式
  • 工作单格式
  • 卡片格式
题名:
孙子兵法·三十六计
    
 
作者: ;国学经典文库编委会 编
分册:  
出版信息: 成都   四川美术出版社  2017.11
页数: 11,300页
开本: 23cm
丛书名: 国学经典文库
单 册:
中图分类: E892.2
科图分类:
主题词: 兵法--bing fa--中国--古代
电子资源:
ISBN: 978-7-5410-7796-8
000 01077oam2 2200277 450
001 2131756414
005 20210930094417.0
010    @a978-7-5410-7796-8@dCNY39.80
100    @a20171108d2017 em y0chiy50 ea
101 0  @achi
102    @aCN@b510000
105    @aa z 000yy
106    @ar
200 1  @a孙子兵法·三十六计@Asun zi bing fa san shi liu ji@f国学经典文库编委会编
210    @a成都@c四川美术出版社@d2017.11
215    @a11,300页@c图@d23cm
225 2  @a国学经典文库@Aguo xue jing dian wen ku
330    @a《孙子兵法》是现存最早的军事著作之一。它是中国古代军事智慧的结晶,是我国传统文化中璀璨夺目的瑰宝。《三十六计》总结了中国古代兵家思想和战争经验,含有朴素的军事辩证法,不仅是兵法谋略,也是宝贵的文化遗产。
461  0 @12001 @a国学经典文库
605    @a《孙子兵法》@Asun zi bing fa@x译文
605    @a《三十六计》@Asan shi liu ji@x译文
606 0  @a兵法@Abing fa@y中国@z古代
690    @aE892.2@v5
711 02 @a国学经典文库编委会@Aguo xue jing dian wen ku bian wei hui@4编
801  0 @aCN@b百万庄@c20210930
905    @b1303934-37@dE892.2@e109@f4
    
    孙子兵法·三十六计/国学经典文库编委会编.-成都:四川美术出版社,2017.11
    11,300页:图;23cm.-(国学经典文库)
    
    
    ISBN 978-7-5410-7796-8:CNY39.80
    《孙子兵法》是现存最早的军事著作之一。它是中国古代军事智慧的结晶,是我国传统文化中璀璨夺目的瑰宝。《三十六计》总结了中国古代兵家思想和战争经验,含有朴素的军事辩证法,不仅是兵法谋略,也是宝贵的文化遗产。
●
相关链接 在E读中查询图书 在五车中查询图书 在当当中查询图书 在豆瓣中查询图书


正题名:孙子兵法·三十六计     索取号:E892.2/109         预约/预借

序号 登录号 条形码 馆藏地/架位号 状态 备注
1 1303934   213039344   第一样本阅览室/ [索取号:E892.2/109] 在馆    
2 1303935   213039353   第一借阅区/ [索取号:E892.2/109] 在馆    
3 1303936   213039362   第一借阅区/ [索取号:E892.2/109] 在馆    
4 1303937   213039371   第一借阅区/ [索取号:E892.2/109] 在馆    
唐山师范学院图书馆 欢迎您!
大连网信软件有限公司© 版权所有